Osudy levickej sochy generála Milana R. Štefánika

Bibliographic Details
Main Author: Švoliková, Marta (Author)
Format: Article
Language:Slovak
PhysicalDescription:Fotogr.
ISBN:9788088831082
Subjects:

MARC

LEADER 00000nab a2200000 a 4500
001 vtls010000259
003 SK-MaSNL
005 20260305021359.0
008 250708|2008 xo |||||||||||1|| ||slo
015 |a SNBRA2009/11  |2 snkbucl 
035 |a (uuid)6b9ffb0f-969e-4d83-b177-873196c45704 
035 |a urn:nbn:sk:snk-abd5sm 
035 |a (urnnbn)urn:nbn:sk:snk:ar-0076no 
038 |a SNKBUCL 
040 |a SNKBUCL  |b slo  |c SNKBUCL  |e AACR2 
041 0 |a slo  |b eng 
044 |a xo  |c SK 
080 |a 730.027.1  |2 2001 
080 |a 725.945  |2 2001 
080 |a 929 Štefánik, Milan Rastislav  |2 2001 
100 1 |a Švoliková, Marta  |4 aut  |9 309831 
245 1 0 |a Osudy levickej sochy generála Milana R. Štefánika  |c Marta Švolíková 
300 |b Fotogr. 
504 |a Bibliogr. odkazy 
546 |a Res. angl. 
600 1 7 |a Štefánik, Milan Rastislav,  |d 1880-1919  |2 snkbucl  |9 86219 
648 7 |a 1936-1938  |2 snkbucl  |9 442274 
648 7 |a 1946-1952  |2 snkbucl  |9 405765 
648 7 |a 2007  |2 snkbucl  |9 313226 
650 0 7 |a sochy  |2 snkbucl  |9 29846 
650 0 7 |a pamätníky  |2 snkbucl  |9 25601 
651 7 |a Levice (Slovensko)  |2 snkbucl  |9 55713 
655 7 |a štúdie  |2 snkbucl  |9 57033 
773 0 |t Zborník Tekovského múzea v Leviciach VII - 2008  |d Levice : Tekovské múzeum, 2008  |g S. 114-121  |z 9788088831082 
850 |a Slovenská národná knižnica 
852 |a Slovenská národná knižnica 
954 |a odborná, vedecká literatúra pôvodná (slovenská)  |2 lita 
958 |a article17 
958 |a OND 
958 |a NB 
958 |a EUIPO 
999 |c 3285503  |d 3287433